000
00345nam a2200145Ia 4500
008
230718s9999 xx 000 0 und d
041
_a
Eng.
082
_a
343.349
_b
AHM-M
100
_a
Ahmed, Chaudhary
245
0
_a
Mannual of Land Acquise
260
_a
Pakistan
_b
Pakistani Publishing
_c
2018
300
_a
527
650
_a
Law
999
_c
31785
_d
31785